Statistics for GAA All Ireland Football Winning Team 2004

Click here to take the quiz!

General Stats

  • This quiz has been taken 14 times
  • The average score is 10 of 21

Answer Stats

PositionPlayer% Correct
LHBT. Ó Sé
100%
RHBM. Ó Sé
93%
RFFC. Cooper
86%
GKD. Murphy
71%
CHFD. O'Sullivan
71%
SUBM.F. Russell
64%
LHFP. Galvin
64%
ManagerJ. O'Connor
57%
SUBS. Moynihan
57%
LFBT. O'Sullivan
50%
SUBR. O'Connor
43%
MFE. Brosnan
36%
RHFL. Hassett
36%
RFBA. O'Mahony
29%
CHBE. Fitzmaurice
29%
MFW. Kirby
29%
CFFD. Ó Cinnéde
21%
LFFJ. Crowley
21%
CFBM. McCarthy
14%
SUBB. Guiney
7%
SUBP. Kelly
7%

Score Distribution

Percentile by Number Answered

Percent of People with Each Score

Your Score History

You have not taken this quiz